| 000 | 00549nam a2200169Ia 4500 | ||
|---|---|---|---|
| 008 | 210719s1996 xx 000 0 und d | ||
| 041 | _aeng | ||
| 082 | _a330.155 PALR | ||
| 100 | _aPALACKAPILLY (George);FELIX (T D) | ||
| 245 |
_aReligion and economics _bworldview |
||
| 260 |
_aNew Delhi _bAIDBES _c1996 |
||
| 300 |
_a150 _bPB |
||
| 365 |
_b90 _cRs |
||
| 650 | _aEconomic Thought | ||
| 650 | _aEconomics | ||
| 906 | _aand ; Buddhist ; Catholic ; Chinese ; Christian ; economics ; Greek ; Hebrew ; Hindu ; Japanese ; Muslim ; Religion ; worldview | ||
| 999 |
_c214411 _d214411 |
||